LDR 00932naa#a2200181#i#450# 001 RU\\bibl\121912 005 20260430024832.4 011 ## _a2072-9502 100 ## _a20260427b2026####ek#y0rusy0150####ca 102 ## _aRU 200 1# _aСтруктура системы управления качеством ИТ-проекта на основе интеграции имитационного и нейросетевого моделирования _eЖурнальная статья 210 1# _aАстрахань _cАстраханский государственный технический университет _d2026 215 ## _a9 с. 608 ## _aЖурнальная статья _2local 675 ## _aCистемы управления базами данных (СУБД). 004.65 _z 700 #1 _aШевченко _gВиктор Дмитриевич 700 #1 _aХанова _gАнна Алексеевна 856 4# _avestnik.astu.org _u